| 000 | 00457nam a2200181 4500 | ||
|---|---|---|---|
| 005 | 20260130124944.0 | ||
| 020 | _a9789395161589 | ||
| 082 |
_a640 _bVAR.H |
||
| 084 | _2Colon Classification | ||
| 100 |
_aVarghese,M A _98842 |
||
| 245 | _aHome management | ||
| 250 | _a3rd ed. | ||
| 260 |
_a NewDelhi: _b New Age International, _c2023. |
||
| 300 | _a242p. | ||
| 700 |
_aNalini N Ogale _98843 |
||
| 700 |
_aKamala Srinivasan _98844 |
||
| 942 |
_2ddc _c GIF |
||
| 999 |
_c755549 _d755549 |
||